|
|
|
|
| LEADER |
01742nam a2200397 i 4500 |
| 001 |
EBC4926980 |
| 003 |
MiAaPQ |
| 005 |
20200520144314.0 |
| 006 |
m o d | |
| 007 |
cr cnu|||||||| |
| 008 |
190502s2013 gw o 000 0 ger d |
| 020 |
|
|
|z 9783486718607
|
| 020 |
|
|
|a 9783110446760 (e-book)
|
| 035 |
|
|
|a (MiAaPQ)EBC4926980
|
| 035 |
|
|
|a (Au-PeEL)EBL4926980
|
| 035 |
|
|
|a (OCoLC)1097979397
|
| 040 |
|
|
|a MiAaPQ
|b eng
|e rda
|e pn
|c MiAaPQ
|d MiAaPQ
|
| 050 |
|
4 |
|a JC328.2
|b .G464 2013
|
| 082 |
0 |
|
|a 320.011
|2 23
|
| 245 |
0 |
0 |
|a Genesis und Dynamiken der Mehrheitsentscheidung /
|c herausgegeben von Egon Flaig ; unter Mitarbeit von Elisabeth Muller-Luckner.
|
| 264 |
|
1 |
|a Munchen :
|b Oldenbourg Verlag,
|c 2013.
|
| 300 |
|
|
|a 1 online resource (268 pages).
|
| 336 |
|
|
|a text
|b txt
|2 rdacontent
|
| 337 |
|
|
|a computer
|b c
|2 rdamedia
|
| 338 |
|
|
|a online resource
|b cr
|2 rdacarrier
|
| 490 |
1 |
|
|a Schriften des Historischen Kollegs. Kolloquien ;
|v 85
|
| 588 |
|
|
|a Description based on print version record.
|
| 590 |
|
|
|a Electronic reproduction. Ann Arbor, MI : ProQuest, 2018. Available via World Wide Web. Access may be limited to ProQuest affiliated libraries.
|
| 650 |
|
0 |
|a Consensus (Social sciences)
|v Congresses.
|
| 655 |
|
4 |
|a Electronic books.
|
| 700 |
1 |
|
|a Flaig, Egon,
|e editor.
|
| 700 |
1 |
|
|a Muller-Luckner, Elisabeth,
|e contributor.
|
| 776 |
0 |
8 |
|i Print version:
|t Genesis und Dynamiken der Mehrheitsentscheidung
|d Munchen : R. Oldenbourg, 2013
|h 268 pages
|k Schriften des Historischen Kollegs. Kolloquien ; 85.
|z 9783486718607
|
| 797 |
2 |
|
|a ProQuest (Firm)
|
| 830 |
|
0 |
|a Schriften des Historischen Kollegs. Kolloquien ;
|v 85.
|
| 856 |
4 |
0 |
|u https://ebookcentral.proquest.com/lib/matrademy/detail.action?docID=4926980
|z Click to View
|